Elements d'organització i avaluació del centre educatiu d'egb
Saved in:
| Main Author: | |
|---|---|
| Other Authors: | |
| Format: | Book |
| Language: | Spanish |
| Published: |
Barcelona
Rosa Sensat
1985
|
| Series: | Collecció Rosa Sensat, 26
|
| Subjects: | |
| Tags: |
Add Tag
No Tags, Be the first to tag this record!
|
MARC
| LEADER | 00000nam a2200000 a 4500 | ||
|---|---|---|---|
| 001 | UCZ7132 | ||
| 003 | CL-VaPUC | ||
| 008 | 951222e19850000SP |||||||||||||||||spa|d | ||
| 082 | 0 | 4 | |a 371.262 |b DAR |2 21 |
| 100 | 0 | |a Darder Vidal, Pere |e author |9 351890 | |
| 700 | |a López Mira, José Antonio |e autor |9 429178 | ||
| 245 | 1 | 0 | |a Elements d'organització i avaluació del centre educatiu d'egb |
| 300 | |a 252 p | ||
| 942 | |c BK | ||
| 945 | |d 19951222 00:00:00 |a cmena | ||
| 260 | |a Barcelona |b Rosa Sensat |c 1985 | ||
| 650 | 0 | |a Evaluación de la educación |9 237505 | |
| 650 | 0 | |a Investigación educacional |9 261192 | |
| 650 | 0 | |a Escuelas |9 308582 | |
| 650 | 0 | |a Ciencias sociales |v Investigación |9 307767 | |
| 583 | |a last modification |c 19951222 00:00:00 |k Rodrigo Vera | ||
| 490 | 0 | |a Collecció Rosa Sensat, 26 | |
| 999 | |c 243255 |d 243253 | ||
| 952 | |0 0 |1 0 |4 0 |6 371_262000000000000_DAR_1985 |7 0 |8 P |9 256784 |a BIBEDU |b BIBEDU |c BIBEDU_PB |d 2019-11-19 |i 1609815 |o 371.262 DAR 1985 |p 1609815 |r 2024-01-25 |w 2019-11-19 |y BK |k EDU | ||